00500nam a2200169Ia 450000500170000000800410001702000150005808200170007310000130009024500430010326000360014630000130018265000150019594200060021095200990021699900150031520240624060401.0240331s9999 xx 000 0 und d a8177200542 bCRAa894.811 aCraig, E 0aThathuvam :bmika churukkamanaarimugam aPuthananthambadaiyalayamc2005 a188 p ., aphilosophy cL 001040708LaWERCLbWERCLcSSCd2024-03-31l0o 894.811 CRAp5514r2024-03-31w2024-03-31yL c3834d3834